Le juge et les soins, entre incitation et injonction (notice n° 1586733)

détails MARC
000 -LEADER
fixed length control field 01118cam a2200181 4500500
005 - DATE AND TIME OF LATEST TRANSACTION
control field 20251228060017.0
041 ## - LANGUAGE CODE
Language code of text/sound track or separate title fre
042 ## - AUTHENTICATION CODE
Authentication code dc
100 10 - MAIN ENTRY--PERSONAL NAME
Personal name Bru, Florence
Relator term author
245 00 - TITLE STATEMENT
Title Le juge et les soins, entre incitation et injonction
260 ## - PUBLICATION, DISTRIBUTION, ETC.
Date of publication, distribution, etc. 2000.<br/>
500 ## - GENERAL NOTE
General note 45
520 ## - SUMMARY, ETC.
Summary, etc. RésuméUn sentiment d’échec éducatif de la part des professionnels ne devrait pas, à lui seul, constituer une indication de prise en charge thérapeutique pour un jeune. De la toute puissante injonction de soins à l’accompagnement subtil vers une prise en charge psychothérapeutique…, les réponses éducatives à ces adolescents en réelle souffrance psychique, mais non demandeurs d’un soin, sont multiples. Encore faut-il qu’une articulation de qualité entre les professionnels permettent des interventions en complémentarité.
700 10 - ADDED ENTRY--PERSONAL NAME
Personal name Recoules, Nathalie
Relator term author
700 10 - ADDED ENTRY--PERSONAL NAME
Personal name Vogelweith, Alain
Relator term author
786 0# - DATA SOURCE ENTRY
Note Enfances & Psy | 12 | 4 | 2000-12-01 | p. 42-46 | 1286-5559
856 41 - ELECTRONIC LOCATION AND ACCESS
Uniform Resource Identifier <a href="https://shs.cairn.info/revue-enfances-et-psy-2000-4-page-42?lang=fr&redirect-ssocas=7080">https://shs.cairn.info/revue-enfances-et-psy-2000-4-page-42?lang=fr&redirect-ssocas=7080</a>

Pas d'exemplaire disponible.

PLUDOC

PLUDOC est la plateforme unique et centralisée de gestion des bibliothèques physiques et numériques de Guinée administré par le CEDUST. Elle est la plus grande base de données de ressources documentaires pour les Étudiants, Enseignants chercheurs et Chercheurs de Guinée.

Adresse

627 919 101/664 919 101

25 boulevard du commerce
Kaloum, Conakry, Guinée

Réseaux sociaux

Powered by Netsen Group @ 2025